[Event "Wch U20 Girls 25th"]
[Site "Yerevan"]
[Date "2007.10.05"]
[Round "3"]
[White "Borosova, Zuzana"]
[Black "Zarkua, Elisabed"]
[Result "1-0"]
[WhiteElo "2233"]
[BlackElo "2009"]
[PlyCount "87"]
[EventDate "2007.10.03"]
[EventType "swiss"]
[EventRounds "13"]
[EventCountry "ARM"]
[SourceTitle "CBM 120 Extra"]
[Source "ChessBase"]
[SourceDate "2007.11.01"]
[SourceVersion "1"]
[SourceVersionDate "2007.11.01"]
[SourceQuality "1"]

1. e4 c5 2. Nf3 d6 3. d4 cxd4 4. Nxd4 Nf6 5. Nc3 Nc6 6. Bg5 e6 7. Qd2 Be7 8. 0-0-0 Nxd4 9. Qxd4 0-0 10. f4 Qa5 11. Bc4 Bd7 12. e5 dxe5 13. Qxe5 Qb4 14. Rd4 Bc5 15. Rhd1 Bxd4 16. Rxd4 Bc6 17. Bb5 Qe7 18. Bxc6 bxc6 19. Ne4 c5 20. Nxf6+ gxf6 21. Bxf6 Qxf6 22. Qxf6 cxd4 23. Qxd4 Rfd8 24. Qe3 Rd5 25. c4 Rc8 26. b3 a5 27. Kc2 Kf8 28. Qc3 Rdc5 29. Qh8+ Ke7 30. Qxh7 a4 31. g4 Ra5 32. Kc3 axb3 33. axb3 Ra2 34. Qh4+ Kd7 35. Qh5 Ke7 36. f5 exf5 37. Qxf5 Rc6 38. h4 Re6 39. c5 Rae2 40. Kb4 R2e5 41. Qf3 Re3 42. Qb7+ Kf6 43. c6 R6e4+ 44. Ka3 1-0

[Event "Wch U20 Girls 25th"]
[Site "Yerevan"]
[Date "2007.10.04"]
[Round "2"]
[White "Zarkua, Elisabed"]
[Black "Darbinyan, Nune"]
[Result "1/2-1/2"]
[WhiteElo "2009"]
[BlackElo "2089"]
[PlyCount "93"]
[EventDate "2007.10.03"]
[EventType "swiss"]
[EventRounds "13"]
[EventCountry "ARM"]
[SourceTitle "CBM 120 Extra"]
[Source "ChessBase"]
[SourceDate "2007.11.01"]
[SourceVersion "1"]
[SourceVersionDate "2007.11.01"]
[SourceQuality "1"]

1. d4 Nf6 2. c4 e6 3. Nf3 Bb4+ 4. Bd2 Bxd2+ 5. Qxd2 d6 6. Nc3 Nbd7 7. g3 0-0 8. Bg2 e5 9. 0-0 Re8 10. e4 c6 11. d5 cxd5 12. cxd5 Nc5 13. Qc2 a5 14. Nd2 b5 15. Nxb5 Ba6 16. a4 Rb8 17. Rfc1 Bxb5 18. axb5 Rxb5 19. Bf1 Rb4 20. f3 Qb6 21. Nc4 Rxc4 22. Bxc4 Nd3+ 23. Kg2 Nxc1 24. Qxc1 Rc8 25. Qc3 h6 26. Rxa5 Nd7 27. Ra6 Qxa6 28. Bxa6 Rxc3 29. bxc3 Nc5 30. Bb5 Kf8 31. h4 Ke7 32. Kf2 f6 33. h5 Kd8 34. Kg2 Ke7 35. Kh3 Kf7 36. Kg4 Ke7 37. Kf5 Kf7 38. Bc6 Nb3 39. Bd7 Ke7 40. Be6 Kf8 41. f4 Nc5 42. fxe5 fxe5 43. g4 Na4 44. c4 Nc5 45. Bc8 Kf7 46. Be6+ Kf8 47. Bc8 1/2-1/2

[Event "Wch U20 Girls 25th"]
[Site "Yerevan"]
[Date "2007.10.03"]
[Round "1"]
[White "Arutyunova, Diana"]
[Black "Zarkua, Elisabed"]
[Result "1/2-1/2"]
[WhiteElo "2256"]
[BlackElo "2009"]
[PlyCount "73"]
[EventDate "2007.10.03"]
[EventType "swiss"]
[EventRounds "13"]
[EventCountry "ARM"]
[SourceTitle "CBM 120 Extra"]
[Source "ChessBase"]
[SourceDate "2007.11.01"]
[SourceVersion "1"]
[SourceVersionDate "2007.11.01"]
[SourceQuality "1"]

1. e4 c5 2. Nf3 d6 3. d4 cxd4 4. Nxd4 Nf6 5. Nc3 Nc6 6. Be3 Ng4 7. Bg5 Qb6 8. Bb5 Bd7 9. 0-0 Nxf2 10. Rxf2 Qxd4 11. Qf3 Ne5 12. Bxd7+ Kxd7 13. Qh3+ e6 14. Bf4 f6 15. Rd1 Qc4 16. b3 Qc5 17. b4 Qc4 18. Bxe5 fxe5 19. Rf7+ Be7 20. Qg3 Rhf8 21. Rxg7 Rac8 22. Qg5 Rce8 23. Qe3 b6 24. a3 Rf6 25. Rxh7 Ref8 26. h3 Rf1+ 27. Rxf1 Qxf1+ 28. Kh2 Rg8 29. Qf3 Qxf3 30. gxf3 Rc8 31. Nd1 Rxc2+ 32. Kg3 Ke8 33. h4 Ra2 34. h5 Bg5 35. h6 Bf4+ 36. Kg4 Rg2+ 37. Kh5 1/2-1/2

[Event "Wch U16 Girls"]
[Site "Batumi"]
[Date "2006.10.27"]
[Round "10"]
[White "Zarkua, Elisabed"]
[Black "Fuchs, Judith"]
[Result "0-1"]
[WhiteElo "1920"]
[BlackElo "2131"]
[PlyCount "44"]
[EventDate "2006.10.19"]
[EventType "swiss"]
[EventRounds "13"]
[EventCountry "GEO"]
[SourceTitle "EXT 2007"]
[Source "ChessBase"]
[SourceDate "2006.11.23"]
[SourceVersion "1"]
[SourceVersionDate "2006.11.23"]
[SourceQuality "1"]

1. d4 Nf6 2. c4 g6 3. Nc3 Bg7 4. e4 d6 5. Nf3 0-0 6. h3 a6 7. Bg5 Nbd7 8. Be2 c5 9. d5 b5 10. cxb5 axb5 11. Bxb5 Nxe4 12. Nxe4 Qa5+ 13. Nc3 Bxc3+ 14. bxc3 Qxb5 15. Nd2 Ne5 16. a4 Qd3 17. Nb1 Qf5 18. Be3 Ba6 19. Qd2 Rfb8 20. Na3 Rb2 21. Qd1 Nd3+ 22. Kf1 Nxf2+ 0-1

[Event "Wch U20 Girls 24th"]
[Site "Yerevan"]
[Date "2006.10.16"]
[Round "13"]
[White "Perez Rodriguez, Jennifer"]
[Black "Zarkua, Elisabed"]
[Result "1-0"]
[WhiteElo "2250"]
[BlackElo "1920"]
[PlyCount "107"]
[EventDate "2006.10.03"]
[EventType "swiss"]
[EventRounds "13"]
[EventCountry "ARM"]
[SourceTitle "CBM 114 Extra"]
[Source "ChessBase"]
[SourceDate "2006.11.03"]
[SourceVersion "1"]
[SourceVersionDate "2006.11.03"]
[SourceQuality "1"]

1. e4 c5 2. c3 Nf6 3. e5 Nd5 4. d4 cxd4 5. Nf3 Nc6 6. cxd4 d6 7. Bc4 Nb6 8. Bb3 dxe5 9. d5 Na5 10. Nc3 Nxb3 11. Qxb3 e4 12. Ng5 Bf5 13. Be3 h6 14. Bxb6 Qxb6 15. Qxb6 axb6 16. Ngxe4 e6 17. Ng3 Bg6 18. dxe6 fxe6 19. 0-0 Bb4 20. Nge4 Kf7 21. a3 Be7 22. Rfe1 Rhd8 23. Red1 Rac8 24. Rxd8 Rxd8 25. Kf1 Bf6 26. Nxf6 Bd3+ 27. Kg1 gxf6 28. Rd1 Ke7 29. f3 Bc2 30. Rxd8 Kxd8 31. Kf2 Ke7 32. Ke3 Kd6 33. Ne4+ Bxe4 34. Kxe4 Kc5 35. h4 Kc4 36. g4 Kc5 37. f4 Kd6 38. g5 hxg5 39. hxg5 Ke7 40. gxf6+ Kxf6 41. a4 Kf7 42. Ke5 Ke7 43. b3 b5 44. a5 Kd7 45. Kf6 Kd6 46. Kf7 Kd7 47. b4 Kd6 48. Ke8 Kc6 49. Ke7 Kd5 50. Kd7 Ke4 51. Kxe6 Kxf4 52. Kd7 Ke5 53. Kc7 Kd5 54. Kxb7 1-0

[Event "Wch U20 Girls 24th"]
[Site "Yerevan"]
[Date "2006.10.15"]
[Round "12"]
[White "Zarkua, Elisabed"]
[Black "Muhren, Bianca"]
[Result "1-0"]
[WhiteElo "1920"]
[BlackElo "2336"]
[PlyCount "125"]
[EventDate "2006.10.03"]
[EventType "swiss"]
[EventRounds "13"]
[EventCountry "ARM"]
[SourceTitle "CBM 114 Extra"]
[Source "ChessBase"]
[SourceDate "2006.11.03"]
[SourceVersion "1"]
[SourceVersionDate "2006.11.03"]
[SourceQuality "1"]

1. d4 d5 2. c4 dxc4 3. Nf3 Nf6 4. e3 e6 5. Bxc4 c5 6. 0-0 a6 7. dxc5 Bxc5 8. Qxd8+ Kxd8 9. Ne5 Ke7 10. Be2 Bd7 11. Bf3 Nc6 12. Nxc6+ Bxc6 13. Bxc6 bxc6 14. Nd2 Rhd8 15. b3 Rac8 16. Nc4 Ne4 17. Bb2 f6 18. Rfd1 Rd5 19. Rac1 Rcd8 20. Rxd5 cxd5 21. Na5 Kd7 22. Nb7 Rc8 23. Nxc5+ Rxc5 24. Rxc5 Nxc5 25. Kf1 Kc6 26. Ke2 Kb5 27. f3 Kb4 28. g4 e5 29. Kd2 Ne6 30. Kd3 Ng5 31. Ke2 Ne6 32. Kd3 Ng5 33. Ke2 e4 34. f4 Nf3 35. h3 h6 36. Bc1 Ng1+ 37. Kf2 Nxh3+ 38. Kg2 Nxf4+ 39. exf4 Kc3 40. Kf2 Kc2 41. Be3 Kb2 42. Bb6 Kxa2 43. Ke3 Kxb3 44. Kd4 e3 45. Kxe3 Kc4 46. f5 Kb5 47. Bd8 Kc4 48. Ba5 Kb5 49. Bd2 Kc4 50. Be1 Kc5 51. Kd3 Kd6 52. Kd4 Ke7 53. Bb4+ Kf7 54. Kxd5 Kg8 55. Ke6 Kh7 56. Kf7 h5 57. gxh5 Kh6 58. Bd2+ Kh7 59. h6 gxh6 60. Kxf6 h5 61. Kg5 Kg7 62. Bc3+ Kf7 63. Kxh5 1-0

[Event "Wch U20 Girls 24th"]
[Site "Yerevan"]
[Date "2006.10.14"]
[Round "11"]
[White "Pourkashiyan, Atousa"]
[Black "Zarkua, Elisabed"]
[Result "1-0"]
[WhiteElo "2330"]
[BlackElo "1920"]
[PlyCount "65"]
[EventDate "2006.10.03"]
[EventType "swiss"]
[EventRounds "13"]
[EventCountry "ARM"]
[SourceTitle "CBM 114 Extra"]
[Source "ChessBase"]
[SourceDate "2006.11.03"]
[SourceVersion "1"]
[SourceVersionDate "2006.11.03"]
[SourceQuality "1"]

1. e4 c5 2. Nf3 d6 3. d4 cxd4 4. Nxd4 Nf6 5. Nc3 Nc6 6. Be2 e5 7. Nf3 h6 8. 0-0 Be7 9. Re1 Be6 10. h3 0-0 11. Bf1 Qd7 12. Nd5 Bd8 13. c4 Nh7 14. b3 Ng5 15. Nxg5 hxg5 16. Ba3 Nd4 17. Bb2 Nc6 18. Qd3 g6 19. Rad1 Kg7 20. b4 f6 21. b5 Na5 22. Rd2 Rc8 23. Rc1 Rh8 24. Ba3 f5 25. c5 dxc5 26. Qc3 Qe8 27. Qxe5+ Kh6 28. Bb2 Rg8 29. h4 Bxd5 30. hxg5+ Kxg5 31. Qg3+ Kh5 32. Be2+ Kh6 33. Qh2+ 1-0

[Event "Wch U20 Girls 24th"]
[Site "Yerevan"]
[Date "2006.10.12"]
[Round "9"]
[White "Aketayeva, Dana"]
[Black "Zarkua, Elisabed"]
[Result "1/2-1/2"]
[WhiteElo "2312"]
[BlackElo "1920"]
[PlyCount "114"]
[EventDate "2006.10.03"]
[EventType "swiss"]
[EventRounds "13"]
[EventCountry "ARM"]
[SourceTitle "CBM 114 Extra"]
[Source "ChessBase"]
[SourceDate "2006.11.03"]
[SourceVersion "1"]
[SourceVersionDate "2006.11.03"]
[SourceQuality "1"]

1. e4 c5 2. Nf3 d6 3. d4 cxd4 4. Nxd4 Nf6 5. Nc3 Nc6 6. Be2 e5 7. Nf3 h6 8. 0-0 Be6 9. Re1 Be7 10. h3 0-0 11. Bf1 Qd7 12. b3 a6 13. a4 Bd8 14. Ba3 Ba5 15. Nd5 Bxe1 16. Nxf6+ gxf6 17. Nxe1 Kh7 18. Qh5 Rg8 19. Rd1 Nd4 20. Bc1 Rg6 21. f4 f5 22. fxe5 dxe5 23. exf5 Bxf5 24. c3 Bg4 25. hxg4 Nf3+ 26. Nxf3 Qxd1 27. Be3 e4 28. Ng5+ Kg8 29. Nxf7 Kxf7 30. Qf5+ Rf6 31. Qh7+ Ke6 32. Qxe4+ Kd6 33. Bc5+ Kxc5 34. Qe5+ Qd5 35. Qxf6 Qxb3 36. Be2 Qxa4 37. Qe7+ Kb6 38. Bf3 Rb8 39. Qe3+ Kc7 40. Qc5+ Kd7 41. Qd5+ Kc7 42. Qe5+ Kc8 43. Be4 Qd1+ 44. Kh2 b5 45. Qe6+ Kc7 46. Qc6+ Kd8 47. Bd5 Qe1 48. Qd6+ Kc8 49. Qxa6+ Kc7 50. Qa7+ Kc8 51. Qc5+ Kd8 52. Qd6+ Kc8 53. Be6+ Kb7 54. Qd7+ Kb6 55. Qd6+ Kb7 56. Qd5+ Kb6 57. Qd4+ Kb7 1/2-1/2

[Event "Wch U20 Girls 24th"]
[Site "Yerevan"]
[Date "2006.10.11"]
[Round "8"]
[White "Zarkua, Elisabed"]
[Black "Dolgova, Olga"]
[Result "1-0"]
[WhiteElo "1920"]
[BlackElo "2259"]
[PlyCount "95"]
[EventDate "2006.10.03"]
[EventType "swiss"]
[EventRounds "13"]
[EventCountry "ARM"]
[SourceTitle "CBM 114 Extra"]
[Source "ChessBase"]
[SourceDate "2006.11.03"]
[SourceVersion "1"]
[SourceVersionDate "2006.11.03"]
[SourceQuality "1"]

1. d4 Nf6 2. c4 c5 3. d5 e6 4. Nc3 exd5 5. cxd5 d6 6. e4 g6 7. h3 Bg7 8. Nf3 0-0 9. Bd3 a6 10. a4 Nbd7 11. Bf4 Qe7 12. 0-0 Ne8 13. Qe2 Nc7 14. Nd2 Ne5 15. Nc4 Nxc4 16. Bxc4 Bd7 17. Rfe1 Rfe8 18. Qd3 g5 19. Bd2 Be5 20. Qe3 h6 21. h4 f6 22. Qe2 Qf7 23. Ra3 Kg7 24. Rb3 Rab8 25. a5 gxh4 26. Nd1 Qg6 27. Kh1 Rg8 28. f4 Bg4 29. Qf2 Bd4 30. Qxh4 Kf7 31. f5 Bxf5 32. Bf1 Bd7 33. Ne3 Be5 34. Nc4 Bg3 35. Rxg3 Qxg3 36. Qxg3 Rxg3 37. Bf4 Rg4 38. Bxd6 Rc8 39. Nb6 Rcg8 40. Bxc7 Rh4+ 41. Kg1 Re8 42. Nxd7 Re7 43. Nxf6 Rxc7 44. g3 Kxf6 45. e5+ Kg5 46. gxh4+ Kxh4 47. d6 Rg7+ 48. Kh2 1-0